Le communisme primitif
Αποθηκεύτηκε σε:
| Κύριος συγγραφέας: | |
|---|---|
| Μορφή: | Βιβλίο |
| Γλώσσα: | French |
| Δημοσίευση: |
Paris :
Maison des Sciences de l'Homme,
c1985
|
| Σειρά: | Economie et ideologie ;
; 1 |
| Θέματα: | |
| Ετικέτες: |
Προσθήκη ετικέτας
Δεν υπάρχουν, Καταχωρήστε ετικέτα πρώτοι!
|
MARC
| LEADER | 00000nam a2200000 i 4500 | ||
|---|---|---|---|
| 001 | 1/15496 | ||
| 008 | 980610s1985 fre d | ||
| 020 | |a 2-7351-0140-1 | ||
| 035 | |l 10019849 | ||
| 040 | |a GR-MY-UA |b gre |e aacr | ||
| 041 | 0 | |a fre | |
| 082 | 0 | |a 301 | |
| 100 | 1 | |a Testart, Alain. | |
| 245 | 1 | 3 | |a Le communisme primitif / |c Alain Testart |
| 260 | |a Paris : |b Maison des Sciences de l'Homme, |c c1985 | ||
| 300 | |a 544 p. |b fig.; tabl | ||
| 490 | 1 | |a Economie et ideologie |v ; 1 | |
| 500 | |a Publie avec le contours du Centre National de la Recherche Scientifique et du Centre National des Lettres | ||
| 504 | |a Bibliography: p.523-536. Inclues index | ||
| 650 | 0 | 0 | |a Hunting and gathering societies. |
| 650 | 0 | 0 | |a Marxist anthropology. |
| 650 | 0 | 0 | |a Ethnophilosophy. |
| 650 | 0 | 0 | |a Economic anthropology. |
| 650 | 0 | 0 | |a Australian aborigines |x Social life and customs. |
| 830 | 0 | |a Economie et ideologie ; |v ; 1 | |
| 852 | |a INST |b LESVOS |e 19980610 |h 301 TES |p 005100014589 |q 005100014589 |t BK |y 0 | ||
| 901 | |a BIBL-1998-2 | ||
| 909 | |a Λ |b 044083 | ||
| 922 | |a 1ΔΩΡ |b 199602 |c ΤΚΑ | ||